000 00707nam a2200229 a 4500
001 67934
003 BD-RjUL
005 20211209081719.0
008 170329s1955 enka 001 0 eng d
035 _a(BD-RjUL)68143
040 _aCarP
_beng
_cBD-RjUL
_dBD-RjUL
041 _aeng
082 _223
_a537.243
_bSME 1955
100 1 _aSmith, J. W.
_q(John William),
_d1903-
_9201371
245 1 0 _aElectric dipole moments /
_cJ.W. Smith
260 _aLondon :
_bButterworths Scientific Publications,
_c1955.
300 _avii, 369 p :
_bill. ;
_c22 cm
500 _aIncludes index and bibliographical references
650 0 _aDipole moments
_9201372
650 0 _aMoments dipolaires.
_9201373
942 _2ddc
_cBK
999 _c67934
_d67934